00668nam a2200241 a 4500001001300000003000900013005001700022008004100039020001000080082001400090100001900104245002200123260004600145300000700191500003500198505001300233650001600246700001900262902000800281942000700289952011500296999001500411nice12345678IN_TiNIC20260116012944.0050524s0000 siaa grp 000 0 urd  ac10000a239bBAR5 aBarkat, A Khan aAwsaf-E-Mursaleen aSialkotebRukun Basharati Committeec0000 a8p aincludes index and biblioraphy2 aArticles aApologetics1 aBarkat, A Khan bSRS cBK 001040708StackRoom-aHMIbHMId2007-07-31g100.00l0o239 BAR5p010198r2007-07-31v100.00w2005-05-24yBK c9046d9046